Renco y sus amigos / (Registro nro. 8467)

Detalles MARC
000 -LIDER
fixed length control field 00982nam a22003497a 4500
001 - NÚMERO DE CONTROL
Identificador de número de control 061
003 - IDENTIFICACDOR DE NÚMERO DE CONTROL
control field DO-SdBNP
005 - DATE AND TIME OF LATEST TRANSACTION
control field 20180220152233.0
007 - CAMPOS FIJOS DE DESCRIPCIÓN FÍSICA
fixed length control field 061
008 - ELEMENTOS DE LONGITUD FIJA
fixed length control field 151005b1990 sp 00| 0 spa d
020 ## - ISBN
International Standard Book Number 8434827506
040 ## - FUENTE DE CATALOGACIÓN
Agencia que crea de manera original el registro BPMSU
Idioma de catalogación spa
Agencia que realiza la transcripción BPMSU
082 ## - NÚMERO DE CLASIFICACIÓN DECIMAL DE DEWEY
Classification number 849.93
Item number T266r 1990
092 ## - LOCALLY ASSIGNED DEWEY DECIMAL CALL NUMBER
Número de clasificación
Número de ítem (Cutter)
100 1# - ASIENTO PRINCIPAL -- NOMBRE PERSONAL
Nombre personal Teixidor, Emili
240 10 - TITULO UNIFORME
Título uniforme En Ranquet i els seus amics /
Fecha de una obra 1989
Idioma de una obra cat
245 10 - MENCIÓN DE TITULO
Título Renco y sus amigos /
Mención de responsabilidad Emili Teixidor ; ilustraciones Tino Gatagán ; colección dirigida por Marinella Terzi
250 ## - MENCIÓN DE EDICION
Mención de edición 2a. ed.
260 ## - PUBLICACIÓN, DISTRIBUCIÓN, ETC. (PIE DE IMPRENTA)
Lugar de publicación, distribución, etc Madrid :
Nombre del editor, distribuidor, etc. Ediciones SM,
Fecha de publicación, distribución, etc 1990.
300 ## - DESCRIPCIÓN FÍSICA
Extensión 186 p. :
Otros detalles físicos il. ;
Dimensiones 19 cm.
490 1# - MENCIÓN DE SERIES
Mención de serie El barco de vapor
Volume/sequential designation 52
490 1# - MENCIÓN DE SERIES
Mención de serie Roja
500 ## - NOTA GENERAL
Nota general A partir de 12 años
521 1# - TARGET AUDIENCE NOTE
Target audience note A partir de los 12 años
700 12 - ASIENTO SECUNDARIO -- NOMBRE PERSONAL
Nombre personal Terzi, Marinella
Mención de responsabilidad dir.
700 12 - ASIENTO SECUNDARIO -- NOMBRE PERSONAL
Nombre personal Gatagán, Tino
Mención de responsabilidad il.
830 #0 - ASIENTO SECUNDARIO DE SERIE--TÍTULO UNIFORME
Título uniforme Barco de vapor
Número de la parte o sección de una obra 52
830 #0 - ASIENTO SECUNDARIO DE SERIE--TÍTULO UNIFORME
Título uniforme Roja
942 ## - ADDED ENTRY ELEMENTS (KOHA)
Source of classification or shelving scheme Dewey Decimal Classification
Koha item type Libros
945 ## - INFORMACIÓN DE PROCESAMIENTO LOCAL
Información de procesamiento local Inventariado, 2018 / BT
956 ## - LOCAL ELECTRONIC LOCATION AND ACCESS (OCLC)
Nombre de host Yngrid Lockward
Existencias
Withdrawn status Lost status Source of classification or shelving scheme Damaged status Not for loan Collection code Home library Current library Date acquired Source of acquisition Total Checkouts Full call number Barcode Date last seen Price effective from Koha item type
    Dewey Decimal Classification     Colección Infantil General Biblioteca Pública Metropolitana Salomé Ureña Biblioteca Pública Metropolitana Salomé Ureña 10/26/2015 FUNDI   849.93 T266r 1990 BPMSU15100194 10/26/2015 10/26/2015 Libros